LEADER 00477oam 2200169z- 450 001 9910714894503321 035 $a(CKB)3790000000048506 035 $a(EXLCZ)993790000000048506 100 $a20231017c2014uuuu -u- - 101 0 $aeng 200 10$aEbola: 2014 Outbreak in West Africa (IF00044) [2014] 210 $aWashington, D.C 517 $aEbola 906 $aBOOK 912 $a9910714894503321 996 $aEbola: 2014 Outbreak in West Africa (IF00044)$93338337 997 $aUNINA